Konkurencje Pięcioboju Nowoczesnego - Statystyki

Ogólne statystyki
  • Ten quiz został rozwiązany 18 razy
  • Średni wynik to 3 z 5
Statystyki odpowiedzi
Podpowiedź Odpowiedzi % Poprawnych
Rywalizacja odbywa sięna dystansie 200m Pływanie
81%
Zawodnicy walczą wsystemie każdy z każdym Szermierka
69%
Zawodnicy muszą trafić 5celów w 4 sesjach Strzelectwo
63%
Zawodnik musi pokonać12 przeszkód Jeździectwo
44%
Rywalizacja odbywa się na dystansie 3200m Bieg Przełajowy
25%
Nie znaleziono quizów pasujących do podanych kryteriów
Rozkład punktacji
Procent ludzi z każdym wynikiem
Percentyl według liczby udzielonych odpowiedzi
Twoja historia wyników
Nie rozwiązałeś tego quizu